| 000 | 01143nam a2200325 i 4500 | ||
|---|---|---|---|
| 001 | 19414 | ||
| 003 | ES-MaACL | ||
| 005 | 20250811100458.0 | ||
| 007 | t| | ||
| 008 | 020716s2001 sp ||||0| spa j | ||
| 020 | _a84-460-1286-3 | ||
| 040 |
_aM-BN _bspa _cM-BN |
||
| 080 | _a340.63 | ||
| 100 | 1 |
_aFoucault, Michel, _d1926-1984 _9241486 |
|
| 245 | 1 | 4 |
_aLos anormales _b: curso del Collège de France (1974-1975) / _cMichel Foucault ; edición establecida por Valerio Marchetti y Antonella Salomoni con la dirección de Francois Ewald y Alessandro Fontana ; traducción, Horacio Pons. |
| 260 |
_aMadrid : _bAkal, _c[2001] |
||
| 300 |
_a343 p ; _c22 cm. |
||
| 490 | 1 |
_aAkal universitaria ; _v217 |
|
| 500 | _aIndices. | ||
| 650 | 1 | 7 |
_aPsiquiatría legal _2embne _916596 |
| 700 | 1 |
_aMarchetti, Valerio. _976433 |
|
| 700 | 1 |
_aSalomoni, Antonella. _9102029 |
|
| 700 | 1 |
_aEwald, François. _948411 |
|
| 700 | 1 |
_aFontana, Alessandro. _951595 |
|
| 700 | 1 |
_aPons, Horacio. _992989 |
|
| 830 | 0 |
_aAkal universitaria ; _v217 _9177901 |
|
| 852 |
_aES-MaACL _jL-25813 _bR.131115 |
||
| 999 |
_c19414 _d19414 |
||